Jak dobrze znasz Kapitana Bombę cz. 2 - Statystyki

Ogólne statystyki
  • Ten quiz został rozwiązany 187 razy
  • Średni wynik to 5 z 10
Statystyki odpowiedzi
Odpowiedź % Poprawnych
Jak miała na imie dziewczyna, z którą przespał się Bomba Andżela
86%
Jak nazywała się rasa kosmitów, która przybyła spoza granicy kosmosu i miała zniszczyć wszechświat Bengalowie
68%
Jak nazywa się bezzałogowy helikopterek meteorologiczny Putas
64%
W jakim języku wypowiadał się Sułtan Kosmitów Włoskim
56%
Żołnierze Kapitana Dupy to Bartek i Piotrek
51%
Największy rywal RKS'u Huwdu w galaktyce Kurvix Polonia Napleton
51%
Co w Laserowym Gniewie Dzidy chroniło przed dzidą laserową i hipnozą C'Qrwozaurów Świńskie genitalia
40%
"Może i robimy chuj**o, ale kto robi dobrze?!" Czyje to słowa Bogusława Łęciny
35%
Tekstami kogo piosenek, mówił Kutang Pan Jacka Stachurskiego
19%
Czyje imie i nazwisko powtarzał docent Fiutt, żeby powstrzymywać się od masturbacji. Doroty Weltmeister
12%
Nie znaleziono quizów pasujących do podanych kryteriów
Rozkład punktacji
Procent ludzi z każdym wynikiem
Percentyl według liczby udzielonych odpowiedzi
Twoja historia wyników
Nie rozwiązałeś tego quizu